My own true ghost story / (Record no. 26541)

MARC details
000 -LEADER
fixed length control field 00876nam a2200241 a 4500
005 - DATE AND TIME OF LATEST TRANSACTION
control field 20090518152430.0
008 - FIXED-LENGTH DATA ELEMENTS--GENERAL INFORMATION
fixed length control field 931110s1994 fluaf b 001 0 eng
010 ## - LCCN (DPL NO)
LC control number ENG-93580
020 ## - INTERNATIONAL STANDARD BOOK NUMBER
Terms of availability 200.00
035 ## - SYSTEM CONTROL NUMBER
System control number EN-77113
037 ## - SOURCE OF ACQUISITION
Source of stock number/acquisition DBAD / PUB
040 ## - CATALOGING SOURCE
Original cataloging agency dpl
Language of cataloging English
082 ## - DEWEY DECIMAL CLASSIFICATION NUMBER
Classification number S
245 ## - TITLE STATEMENT
Title My own true ghost story /
Statement of responsibility, etc edited & compiled by Shashi Mehta
260 ## - PUBLICATION, DISTRIBUTION, ETC. (IMPRINT)
Place of publication, distribution, etc Delhi
Name of publisher, distributor, etc Sanmarg Sahitya Parishad
Date of publication, distribution, etc 2008
270 ## - ADDRESS
Address House No. 29/32B, First Floor, Gali No. 12, Vishwas Nagar, Shahdra,
City Delhi
Postal code 110032
300 ## - PHYSICAL DESCRIPTION
Extent 160p.
Dimensions 22m(Hb)
650 ## - SUBJECT ADDED ENTRY--TOPICAL TERM
Topical term or geographic name as entry element Short stories, English
700 ## - ADDED ENTRY--PERSONAL NAME
Personal name Mehta, Shashi
942 ## - ADDED ENTRY ELEMENTS (KOHA)
Source of classification or shelving scheme Dewey Decimal Classification
Item type English Books
Call number suffix MYO
Classification part S
Holdings
Withdrawn status Lost status Source of classification or shelving scheme Damaged status Not for loan Collection code Home library Current library Date acquired Source of acquisition Cost, normal purchase price Total Checkouts Full call number Barcode Date last seen Copy number Cost, replacement price Koha item type
    Dewey Decimal Classification   Not For Loan Non-fiction D.B.Act.Division D.B.Act.Division 18/05/2009 DBAD / PUB 200.00   S MYO EN-77113 18/05/2009 1 200.00 English Books

© Delhi Public Library
Hit Counter
free hit counter